000 00808nab a2200253 u 4500
001 15116
003 HDC
007 cr bn ---aaaaa
008 210217c mydr|nes 0 a may d
040 _aHDC
100 _aSuffian A Bakar
_eauthor
_97744
245 0 _aMaybank Islamic lancar SCOE /
_cby Suffian A Bakar
260 _aMalaysia:
_bBerita Harian,
_c2015
336 _atext
_2rdacontent
337 _acomputer
_2rdamedia
338 _aonline resource
_2rdacarrier
650 _afinancial
_9269
650 _aIslamic banking
_9270
710 _aBerita Harian
856 _zRequest full-text at [email protected]
942 _2lcc
942 _cNEWS
942 _kNSWC 004777
999 _c12432
_d12432